Statistiques concernant Équipe type LOSC champion 2021 ligue 1

Cliquez ici pour prendre le quiz!

Statistiques générales

  • Ce quiz a été pris 719 fois
  • Le résultat moyen est 12 sur 15

Statistiques - réponses

HintRéponse% Correct
GMaignan
97%
CBFonte
95%
COACHGaltier
94%
LMBamba
92%
STBurak
92%
STDavid
92%
CMAndre
90%
RMIkone
88%
CBBotman
80%
RBCelik
79%
CMSanches
74%
LBReinildo
68%
#3Xeka
45%
#1Soumaré
36%
#2Araujo
30%

Distribution des résultats

Percentile par nombre de réponses

% des personnes avec chaque résultat

Votre développement - résultats

Vous n’avez pas pris ce quiz